Groundwater science / (Record no. 330134)

000 -LEADER
fixed length control field 01715cam a22003497a 4500
001 - CONTROL NUMBER
control field 12585529
003 - CONTROL NUMBER IDENTIFIER
control field NUST
005 - DATE AND TIME OF LATEST TRANSACTION
control field 20170609110633.0
008 - FIXED-LENGTH DATA ELEMENTS--GENERAL INFORMATION
fixed length control field 011109s2002 ne a b 001 0 eng d
010 ## - LIBRARY OF CONGRESS CONTROL NUMBER
LC control number 2001098016
020 ## - INTERNATIONAL STANDARD BOOK NUMBER
International Standard Book Number 0122578554
035 ## - SYSTEM CONTROL NUMBER
System control number (DLC)12585529
040 ## - CATALOGING SOURCE
Original cataloging agency ZCU
Transcribing agency ZCU
Modifying agency DLC
042 ## - AUTHENTICATION CODE
Authentication code pcc
050 00 - LIBRARY OF CONGRESS CALL NUMBER
Classification number GB1003.2
Item number .F58 2002
082 00 - DEWEY DECIMAL CLASSIFICATION NUMBER
Classification number 553.79 FIT
Edition number 22
100 1# - MAIN ENTRY--PERSONAL NAME
Personal name Fitts, Charles R.
Fuller form of name (Charles Richard),
Dates associated with a name 1953-
9 (RLIN) 2346
245 10 - TITLE STATEMENT
Title Groundwater science /
Statement of responsibility, etc. Charles R. Fitts.
260 ## - PUBLICATION, DISTRIBUTION, ETC.
Place of publication, distribution, etc. Amsterdam ;
-- Boston :
Name of publisher, distributor, etc. Academic Press,
Date of publication, distribution, etc. c2002.
300 ## - PHYSICAL DESCRIPTION
Extent xiv, 450 p. :
Other physical details ill. (some col.), col. maps ;
Dimensions 26 cm.
500 ## - GENERAL NOTE
General note "An associated Website provides data files for additional exercises requiring spreadsheets and/or simple flow modeling software. The site also features links to various ground water sites offering public-domain and commercial groundwater computer software"--Preface.
501 ## - WITH NOTE
With note P.B
504 ## - BIBLIOGRAPHY, ETC. NOTE
Bibliography, etc. note Includes bibliographical references (p. [419]-434) and index.
650 #0 - SUBJECT ADDED ENTRY--TOPICAL TERM
Topical term or geographic name entry element Groundwater
Form subdivision Textbooks.
9 (RLIN) 2347
650 #0 - SUBJECT ADDED ENTRY--TOPICAL TERM
Topical term or geographic name entry element Groundwater ecology
Form subdivision Textbooks.
9 (RLIN) 2348
856 41 - ELECTRONIC LOCATION AND ACCESS
Materials specified Table of contents
Uniform Resource Identifier <a href="http://www.loc.gov/catdir/toc/els051/2001098016.html">http://www.loc.gov/catdir/toc/els051/2001098016.html</a>
856 42 - ELECTRONIC LOCATION AND ACCESS
Materials specified Publisher description
Uniform Resource Identifier <a href="http://www.loc.gov/catdir/description/els051/2001098016.html">http://www.loc.gov/catdir/description/els051/2001098016.html</a>
856 42 - ELECTRONIC LOCATION AND ACCESS
Uniform Resource Identifier <a href="http://www.academicpress.com/groundwater">http://www.academicpress.com/groundwater</a>
906 ## - LOCAL DATA ELEMENT F, LDF (RLIN)
a 7
b cbc
c copycat
d 3
e ncip
f 20
g y-gencatlg
942 ## - ADDED ENTRY ELEMENTS (KOHA)
Source of classification or shelving scheme
Koha item type Book
Call number prefix 553.79 FIT
Holdings
Withdrawn status Lost status Source of classification or shelving scheme Damaged status Not for loan Collection code Permanent Location Current Location Shelving location Date acquired Total Checkouts Full call number Barcode Date last seen Price effective from Koha item type
            Institute of Environmental Science and Engineering (IESE) Institute of Environmental Science and Engineering (IESE) General Stacks 06/09/2017   553.79 FIT IESE-1278 06/09/2017 06/09/2017 Book
© 2023 Central Library, National University of Sciences and Technology. All Rights Reserved.